000 00916nam a22002657a 4500
001 BR9212524
003 BR-BrBNA
005 20230928095106.0
007 ta
008 230509b bl.||||| |||| 00| 0 por d
040 _aBR-BrBNA
_bpor
_cBiblioteca Nacional de Agricultura
041 _a(Por)
072 _aH10; H20; H60
090 _ H10 BR9212524
110 1 _aAssociacao dos Engenheiros Agronomos do Estado de Sao Paulo, Sao Paulo (Brasil)
_9597
111 1 _a1. Simposio Internacional de Manejo Integrado de Pragas, Doencas e Plantas Daninhas
_cCampinas, SP (Brazil)
_d8-10 Jul 1987
245 1 _aAnais do 1. Simposio Internacional de Manejo Integrado de Pragas, Doencas e Plantas Daninhas
260 3 _aCampinas, SP (Brasil):
_c1988.
300 _a315 p.
650 _aPraga de Planta
650 _aDoenca de Planta
650 _aErva Daninha
909 _a202309
_bLucia
_c55
_dLucia Elande
942 _cBK
999 _c54475
_d54475